| 000 | 00456nam a2200169Ia 4500 | ||
|---|---|---|---|
| 008 | 180921t2014 xxu||||| |||| 00| 0 sin d | ||
| 041 | _asin | ||
| 080 |
_a745 _bSUR |
||
| 100 | _aSuranimala,Gareeyas | ||
| 245 | _aලක්දිව බිතුසිතුවම් | ||
| 246 | _aLakdiwa Bithusithuwam | ||
| 260 |
_bSooriya Prakashana _aColombo _c2014 |
||
| 300 | _b126p, 21cm | ||
| 942 | _cBK | ||
| 999 |
_c5581 _d5581 |
||
| 003 | LK-CoDNM | ||
| 040 |
_aLK-CoDNM _dLK-CoDNM _eLK-CoDNM |
||